| 000 | 00683nam a2200217 i 4500 | ||
|---|---|---|---|
| 001 | 115172 | ||
| 003 | ES-MaACL | ||
| 005 | 20250707062614.0 | ||
| 007 | t| | ||
| 008 | 070223s1908 sp a |||| | spa d | ||
| 100 | 1 |
_aPardo Bazán, Emilia, _cCondesa de, _d1851-1921 _9176434 |
|
| 245 | 1 | 0 |
_aBelcebú _b: novela / _cde la Condesa de Pardo Bazán ; ilustraciones de Estevan. |
| 260 |
_aMadrid : _bEl Cuento Semanal, _c1908. |
||
| 300 |
_a20 p. : _bil. ; _c26 cm. |
||
| 490 | 1 |
_aEl Cuento Semanal ; _v103 |
|
| 700 | 1 |
_aEstevan, Enrique, _d1849-1927 _948126 |
|
| 830 | 0 | 3 |
_aEl cuento semanal _v103 _9185957 |
| 852 |
_aES-MaACL _jG-4442(25) |
||
| 942 | _2udc | ||
| 999 |
_c115172 _d115172 |
||